| 000 | 01810nam0a2200421 4500 | ||
|---|---|---|---|
| 001 | RU\NLR\BIBL_A\012435639 | ||
| 005 | 20210726160200.0 | ||
| 010 |
_a978-5-00155-198-0 _91000 |
||
| 021 |
_aRU _bКН-П-20-057395 _9КН-П-20-4284 |
||
| 035 | _a(NLR Aleph) 012435639 | ||
| 035 | _a(RuMoRGB)010432151 | ||
| 090 |
_a11898833 _c11898833 |
||
| 100 | _a20210119d2020 u y0rusy50 ca | ||
| 101 | 0 | _arus | |
| 102 | _aRU | ||
| 105 | _aach|z|||000zy | ||
| 181 | 0 |
_ai _baxxe |
|
| 182 | 0 | _an | |
| 200 | 1 |
_aВеликая Отечественная: битва экономик _fНиколай Рыжков |
|
| 203 |
_aТекст _bвизуальный _cнепосредственный |
||
| 210 |
_aМосква _cЯуза _cЯуза-каталог _d2020 |
||
| 215 |
_a414, [1] с., [16] л. ил., цв. ил., факс., портр. _cпортр., табл. _d21 |
||
| 225 | 1 | _aПравдивая история России | |
| 320 | _aБиблиогр.: с. 407-412 (109 назв.) | ||
| 606 | 1 |
_aВойна и экономика _yСССР _z1939 - 1945 _92391666 _3RU\NLR\AUTH\661426228 |
|
| 606 | 1 |
_aВойна и экономика _yГермания _92406280 _3RU\NLR\AUTH\661434029 |
|
| 606 | 1 |
_aВеликая Отечественная война _xЭкономическая история _z1941 - 1945 _91237031 _3RU\NLR\AUTH\66187434 |
|
| 686 | 1 | _aЦ35(2)722-12,1 | |
| 686 | 1 | _aТ3(2)722.9-2 | |
| 686 | 1 | _aТ3(4Г)63-2 | |
| 686 | 1 | _aУ9(2)-981.292 | |
| 686 | 1 | _aУ9(4Г)-981.292 | |
| 700 | 1 |
_7ca _8rus _aРыжков _bН. И. _cгос. и полит. деятель _f1929-2024 _gНиколай Иванович _9265363 _3RU\NLR\AUTH\770265419 |
|
| 942 | _cBOOK | ||
| 980 | _aNBR | ||
| 980 | _aNB | ||